000 00578nam a2200229Ia 4500
003 OSt
005 20220923225137.0
006 a|||||r|||| 00| 0
007 ta
008 220922b |||||||| |||| 00| 0 hin d
024 _a258,406
037 _cTextual
040 _aARTS
_cARTS
_bhin
041 _2hin
_ahin
082 _aS, 152L4
100 _aकौल, बी. एन.
245 0 _aमनोविज्ञान
246 _ahinovijnyāna
260 _c1974
942 _hS, 152L4
_cTEXL
_2CC
999 _c376363
_d376363